|
|
|
|
| LEADER |
00000nam0a2200000 4500 |
| 001 |
11977 |
| 005 |
20231030184009.0 |
| 010 |
|
|
|a 5881511689
|
| 035 |
|
|
|a (RuTPU)RU\TPU\book\12051
|
| 035 |
|
|
|a BOOK00000028
|
| 090 |
|
|
|a 11977
|
| 100 |
|
|
|a 20011209d1998 m y0rusy50 ca
|
| 101 |
0 |
|
|a rus
|
| 102 |
|
|
|a RU
|
| 105 |
|
|
|a y j 000zy
|
| 200 |
1 |
|
|a Турбулентность: модели и подходы
|e учебное пособие
|h Ч. 1
|f П. Г. Фрик
|
| 210 |
|
|
|a Пермь
|d 1998
|
| 215 |
|
|
|a 108 с.
|
| 610 |
1 |
|
|a жидкости
|
| 610 |
1 |
|
|a турбулентность
|
| 610 |
1 |
|
|a модели
|
| 610 |
1 |
|
|a учебные пособия
|
| 610 |
1 |
|
|a механика
|
| 675 |
|
|
|a 532.517.4(075.8)
|v 3
|
| 700 |
|
1 |
|a Фрик
|b П. Г.
|g Петр Готлобович
|
| 801 |
|
0 |
|a RU
|b 63413507
|c 20011209
|g PSBO
|
| 801 |
|
2 |
|a RU
|b 63413507
|c 20080911
|g PSBO
|
| 942 |
|
|
|c BK
|